Systems analysis and design method (Record no. 1810)

MARC details
000 -LEADER
fixed length control field 00380nam a2200145Ia 4500
008 - FIXED-LENGTH DATA ELEMENTS--GENERAL INFORMATION
fixed length control field 130318s9999 xx 000 0 und d
020 ## - INTERNATIONAL STANDARD BOOK NUMBER
International Standard Book Number 70634173
082 ## - DEWEY DECIMAL CLASSIFICATION NUMBER
Classification number 003 WHI/S
100 ## - MAIN ENTRY--PERSONAL NAME
Personal name Whitten, Jeffrey L
245 ## - TITLE STATEMENT
Title Systems analysis and design method
260 ## - PUBLICATION, DISTRIBUTION, ETC.
Name of publisher, distributor, etc. Tata McGraw Hill
Place of publication, distribution, etc. New Delhi
Date of publication, distribution, etc. 1999
300 ## - PHYSICAL DESCRIPTION
Extent 747
650 ## - SUBJECT ADDED ENTRY--TOPICAL TERM
Topical term or geographic name entry element SYSTEMS ANALYSIS
700 ## - ADDED ENTRY--PERSONAL NAME
Personal name Bentley, Lonnie D
Holdings
Withdrawn status Lost status Damaged status Not for loan Collection code Home library Current library Shelving location Date acquired Cost, normal purchase price Total Checkouts Full call number Barcode Date last seen Date last checked out Price effective from Koha item type
        Systems Kerala University of Digital Sciences, Innovation and Technology Knowledge Centre Kerala University of Digital Sciences, Innovation and Technology Knowledge Centre   18/03/2013 399.00 2 003 WHI/S 1823 31/01/2019 31/01/2019 18/03/2013 Archives